000 00555nam a2200181Ia 4500
008 100920s9999 xx 000 0 und d
082 _b89632
_a891.463.1 न 04
100 _aघाटे निरंजन.
245 _aरणझुंजार.
260 _bप्राजक्त प्रकाशन,पुणे.
_c2004
300 _a199
_bसाधी
365 _b180
520 _aलघुकथा.
630 _aरणझुंजार.
650 _aलघुकथा.
730 _aरणझुंजार.
942 _cBOOK
999 _c730128
_d730125